| 000 | 00337nam a2200109Ia 4500 | ||
|---|---|---|---|
| 008 | 171211s9999 xx 000 0 und d | ||
| 245 | _aMobilizing Web Sites: Strategies for Mobile Web Implementation | ||
| 245 | _cKristofer Layon | ||
| 260 | _c2011 | ||
| 650 | _xWeb Development | ||
| 856 | _uhttp://down.ebook777.com/014/9780321793812.pdf | ||
| 999 |
_c350064 _d350064 |
||